[Event "5MCR_4D_1L_2S"]
[Site "?"]
[Date "2002.??.??"]
[Round "?"]
[White "Trexler, Evzen"]
[Black "Riha, Jan"]
[Result "1/2-1/2"]
[WhiteElo "2365"]
[BlackElo "2315"]
[PlyCount "87"]
[EventDate "2002.??.??"]
[EventType "corr"]
[SourceDate "2004.??.??"]

1. e4 e5 2. Nf3 Nf6 3. Bc4 Nxe4 4. Nc3 Nc6 5. Nxe4 d5 6. Bd3 dxe4 7. Bxe4 Bd6
8. O-O Bg4 9. h3 Bh5 10. Bxc6+ bxc6 11. d4 e4 12. Re1 f5 13. g4 Bg6 14. Bg5 Qd7
15. Nh4 Qe6 16. Qf3 O-O 17. Qb3 Bf7 18. Nxf5 Qg6 19. Qe3 Rae8 20. Bh4 Be6 21.
Nxd6 cxd6 22. Qg5 Qxg5 23. Bxg5 d5 24. Re3 h6 25. Bh4 Rf3 26. Rae1 Ref8 27. Bg3
h5 28. gxh5 Bxh3 29. c4 Bg4 30. cxd5 cxd5 31. Rc1 R3f5 32. Rc7 Rxh5 33. Be5 Rf7
34. Rxf7 Kxf7 35. Ra3 Bf3 36. Rxa7+ Ke6 37. Bh2 Rg5+ 38. Kf1 Rh5 39. Kg1 Rg5+
40. Kf1 Rh5 41. Ra6+ Kf5 42. Kg1 Rg5+ 43. Bg3 Rh5 44. Bh2 1/2-1/2

[Event "5MCR_4D_1L_2S"]
[Site "?"]
[Date "2002.??.??"]
[Round "?"]
[White "Trexler, Evzen"]
[Black "Staufcik, Robert"]
[Result "1/2-1/2"]
[WhiteElo "2365"]
[BlackElo "2285"]
[PlyCount "71"]
[EventDate "2002.??.??"]
[EventType "corr"]
[SourceDate "2004.??.??"]

1. e4 e5 2. Nf3 Nc6 3. Bb5 a6 4. Ba4 Nf6 5. O-O Be7 6. Re1 b5 7. Bb3 d6 8. c3
O-O 9. h3 Na5 10. Bc2 c5 11. d4 cxd4 12. cxd4 exd4 13. Nxd4 Re8 14. Nc3 Bd7 15.
b3 Rc8 16. Bb2 Nc6 17. Rc1 Ne5 18. Nf5 Bxf5 19. exf5 Qa5 20. Bb1 b4 21. Ne4
Rxc1 22. Qxc1 Qb5 23. Qd2 a5 24. Rd1 Rd8 25. Qe1 Re8 26. Rd2 d5 27. Nxf6+ Bxf6
28. Qd1 Qc6 29. Rxd5 Nd3 30. Qxd3 Bxb2 31. Qd1 h6 32. g3 Bf6 33. Kh2 Re1 34.
Qxe1 Qxd5 35. Qe8+ Kh7 36. Qe2 1/2-1/2

[Event "5MCR_4D_1L_2S"]
[Site "?"]
[Date "2002.??.??"]
[Round "?"]
[White "Trexler, Evzen"]
[Black "Svrsek, Radomir"]
[Result "1-0"]
[WhiteElo "2365"]
[BlackElo "2165"]
[PlyCount "83"]
[EventDate "2002.??.??"]
[EventType "corr"]
[SourceDate "2004.??.??"]

1. e4 d6 2. d4 Nf6 3. Nc3 g6 4. Be3 Nbd7 5. h3 e5 6. dxe5 dxe5 7. Qd2 Bb4 8. f3
Qe7 9. a3 Ba5 10. O-O-O O-O 11. h4 c6 12. Bg5 b5 13. h5 b4 14. Na4 Rb8 15. Bc4
Kh8 16. Qxd7 Bxd7 17. Rxd7 Bd8 18. Rxe7 Bxe7 19. hxg6 fxg6 20. axb4 Rxb4 21. b3
Rb7 22. Nh3 Kg7 23. Nf2 Nh5 24. Be3 Nf4 25. g3 Nh5 26. Ng4 Rxf3 27. Bh6+ Kh8
28. Nxe5 Rf6 29. g4 Ng3 30. Re1 Bd6 31. Nd3 Rf3 32. Nac5 Rb8 33. Ne6 Rb7 34.
Ndc5 Rbf7 35. e5 Be7 36. Ng5 Bxg5+ 37. Bxg5 Rf8 38. Bf6+ R3xf6 39. exf6 Rxf6
40. Re8+ Kg7 41. g5 Rf1+ 42. Kb2 1-0

[Event "5MCR_4D_1L_3S"]
[Site "?"]
[Date "2002.??.??"]
[Round "?"]
[White "Grulich, Jiri"]
[Black "Hladecek, Miloslav"]
[Result "1/2-1/2"]
[WhiteElo "2165"]
[BlackElo "2215"]
[PlyCount "51"]
[EventDate "2002.??.??"]
[EventType "corr"]
[SourceDate "2004.??.??"]

1. d4 Nf6 2. c4 e6 3. Nf3 b6 4. g3 Ba6 5. b3 Bb4+ 6. Bd2 Be7 7. Bg2 c6 8. Bc3
d5 9. Ne5 Nfd7 10. Nxd7 Nxd7 11. Nd2 O-O 12. O-O Rc8 13. e4 b5 14. Re1 dxe4 15.
Bxe4 Nf6 16. Bg2 c5 17. dxc5 Bxc5 18. b4 Bd4 19. Bxd4 Qxd4 20. cxb5 Bxb5 21.
Ne4 Qxb4 22. Rb1 Qa4 23. Nxf6+ gxf6 24. Qf3 f5 25. Qh5 Bc6 26. Qg5+ 1/2-1/2

[Event "5MCR_4D_1L_3S"]
[Site "?"]
[Date "2002.??.??"]
[Round "?"]
[White "Grulich, Jiri"]
[Black "Lasek, Milos"]
[Result "1/2-1/2"]
[WhiteElo "2165"]
[BlackElo "2270"]
[PlyCount "44"]
[EventDate "2002.??.??"]
[EventType "corr"]
[SourceDate "2004.??.??"]

1. d4 d5 2. c4 e6 3. Nf3 Nf6 4. Nc3 Be7 5. Bg5 O-O 6. e3 h6 7. Bh4 b6 8. Rc1
Bb7 9. Be2 Nbd7 10. O-O c5 11. cxd5 Nxd5 12. Bxe7 Qxe7 13. Nxd5 Bxd5 14. Bc4
Bb7 15. Qe2 Bxf3 16. Qxf3 cxd4 17. exd4 Nf6 18. Rfe1 Qd6 19. Red1 Rac8 20. a3
Rfd8 21. h3 Rc7 22. Bb3 a6 1/2-1/2

[Event "5MCR_4D_1L_3S"]
[Site "?"]
[Date "2002.??.??"]
[Round "?"]
[White "Grulich, Jiri"]
[Black "Nosek, Jaroslav"]
[Result "0-1"]
[WhiteElo "2165"]
[BlackElo "2285"]
[PlyCount "80"]
[EventDate "2002.??.??"]
[EventType "corr"]
[SourceDate "2004.??.??"]

1. d4 Nf6 2. c4 e6 3. Nf3 b6 4. g3 Ba6 5. b3 Bb4+ 6. Bd2 Be7 7. Bg2 c6 8. Bc3
d5 9. Ne5 Nfd7 10. Nxd7 Nxd7 11. Nd2 O-O 12. O-O Rc8 13. e4 b5 14. Re1 dxe4 15.
Bxe4 bxc4 16. bxc4 c5 17. d5 exd5 18. Bxd5 Bf6 19. Rc1 Nb6 20. Ba5 Qd7 21. Be4
h6 22. Qf3 Rce8 23. Rcd1 Re7 24. Nb3 Qc8 25. Bh7+ Kxh7 26. Rxe7 Bxe7 27. Qe4+
Kg8 28. Qxe7 Bxc4 29. Qxc5 Qg4 30. Re1 Bd5 31. Qe3 Rc8 32. Bxb6 axb6 33. Nd4
Qh5 34. a3 Bb7 35. Qb3 Qa5 36. Rd1 Rd8 37. Qb4 Qc5 38. Qb2 Qd5 39. f3 Qc5 40.
Qf2 Qxa3 0-1

[Event "5MCR_4D_1L_3S"]
[Site "?"]
[Date "2002.??.??"]
[Round "?"]
[White "Grulich, Jiri"]
[Black "Omelka, Roman"]
[Result "0-1"]
[WhiteElo "2165"]
[BlackElo "2335"]
[PlyCount "59"]
[EventDate "2002.??.??"]
[EventType "corr"]
[SourceDate "2004.??.??"]

1. d4 Nf6 2. c4 g6 3. Nc3 Bg7 4. e4 d6 5. Nf3 O-O 6. Be2 e5 7. O-O Nc6 8. d5
Ne7 9. Ne1 Nd7 10. Nd3 f5 11. Bd2 Nf6 12. f3 f4 13. c5 g5 14. cxd6 cxd6 15. Nf2
h5 16. Rc1 Rf7 17. Qb3 a6 18. Rc2 g4 19. Rfc1 g3 20. Nd3 Ng6 21. Be1 Bh6 22.
Nd1 h4 23. h3 Bxh3 24. gxh3 Nxe4 25. fxe4 f3 26. Bf1 Bxc1 27. Rxc1 Qg5 28. Bb4
b5 29. Rc2 Raf8 30. Bxd6 0-1

[Event "5MCR_4D_1L_3S"]
[Site "?"]
[Date "2002.??.??"]
[Round "?"]
[White "Grulich, Jiri"]
[Black "Postupa, Pavel"]
[Result "1/2-1/2"]
[WhiteElo "2165"]
[BlackElo "1920"]
[PlyCount "63"]
[EventDate "2002.??.??"]
[EventType "corr"]
[SourceDate "2004.??.??"]

1. d4 Nf6 2. c4 e6 3. Nf3 d5 4. Nc3 Be7 5. Bf4 O-O 6. e3 c5 7. dxc5 Bxc5 8. Qc2
Nc6 9. a3 Qa5 10. O-O-O Be7 11. g4 dxc4 12. Bxc4 e5 13. g5 exf4 14. gxf6 Bxf6
15. Nd5 Ne7 16. Nxf6+ gxf6 17. Nd4 fxe3 18. fxe3 Qe5 19. Kb1 a6 20. Rhg1+ Kh8
21. Ka1 h5 22. Qe2 Bg4 23. Rxg4 hxg4 24. Qxg4 Qg5 25. Qh3+ Kg7 26. Qf3 Rfc8 27.
Qxb7 Kf8 28. Nc6 Qxe3 29. Nxe7 Qxe7 30. Rd7 Qxd7 31. Qxd7 Rxc4 32. Qd6+ 1/2-1/2

[Event "5MCR_4D_1L_3S"]
[Site "?"]
[Date "2002.??.??"]
[Round "?"]
[White "Grulich, Jiri"]
[Black "Sykora, Josef"]
[Result "0-1"]
[WhiteElo "2165"]
[BlackElo "2355"]
[PlyCount "64"]
[EventDate "2002.??.??"]
[EventType "corr"]
[SourceDate "2004.??.??"]

1. d4 Nf6 2. c4 e6 3. Nf3 b6 4. g3 Bb7 5. Bg2 Be7 6. O-O O-O 7. Nc3 Ne4 8. Qc2
Nxc3 9. Qxc3 c5 10. Rd1 d6 11. b3 Bf6 12. Bb2 Nd7 13. Qc2 Qc7 14. e4 cxd4 15.
Nxd4 a6 16. Qe2 Rfe8 17. Rac1 Rac8 18. Rc2 Qb8 19. Rcd2 Rcd8 20. f4 Qc7 21. Qg4
g6 22. Rf1 Bg7 23. Qh4 Qc5 24. Kh1 b5 25. cxb5 axb5 26. Rc1 Qb6 27. Re1 Qa5 28.
Nf3 Nc5 29. Bxg7 Kxg7 30. Rde2 Bxe4 31. Rxe4 Nxe4 32. Rxe4 Qxa2 0-1

[Event "5MCR_4D_1L_3S"]
[Site "?"]
[Date "2002.??.??"]
[Round "?"]
[White "Grulich, Jiri"]
[Black "Travnik, Petr"]
[Result "1/2-1/2"]
[WhiteElo "2165"]
[BlackElo "2305"]
[PlyCount "58"]
[EventDate "2002.??.??"]
[EventType "corr"]
[SourceDate "2004.??.??"]

1. d4 Nf6 2. c4 g6 3. Nc3 Bg7 4. e4 d6 5. Nf3 O-O 6. Be2 e5 7. O-O Nbd7 8. Be3
Re8 9. d5 Ng4 10. Bg5 f6 11. Bd2 a5 12. Qc1 f5 13. exf5 gxf5 14. Ng5 Nc5 15.
Bxg4 fxg4 16. Be3 Nd3 17. Qc2 Bf5 18. Nge4 Nf4 19. f3 Qh4 20. Qd2 Rf8 21. fxg4
Qxg4 22. Bxf4 Bxe4 23. Nxe4 Rxf4 24. Rxf4 exf4 25. h3 Qf5 26. Nc3 Be5 27. Rf1
Kh8 28. Ne2 Rf8 29. Nd4 Qe4 1/2-1/2

[Event "5MCR_4D_1L_3S"]
[Site "?"]
[Date "2002.??.??"]
[Round "?"]
[White "Hladecek, Miloslav"]
[Black "Lasek, Milos"]
[Result "1/2-1/2"]
[WhiteElo "2215"]
[BlackElo "2270"]
[PlyCount "123"]
[EventDate "2002.??.??"]
[EventType "corr"]
[SourceDate "2004.??.??"]

1. e4 c5 2. Nf3 e6 3. d4 cxd4 4. Nxd4 a6 5. Bd3 Qc7 6. Nc3 Nc6 7. Be3 b5 8. f4
Bb7 9. Nb3 Nf6 10. O-O d6 11. a3 Be7 12. Qf3 O-O 13. Qg3 Rfe8 14. f5 Ne5 15.
fxe6 fxe6 16. Rad1 Kh8 17. Nd4 Bf8 18. Bg5 Nfd7 19. Rf2 b4 20. axb4 Qb6 21. Be2
Qxb4 22. Nb3 Be7 23. Be3 Bf6 24. Rd4 Qb6 25. Rd1 Qc7 26. Qh3 Rac8 27. Qg3 Re7
28. Qh3 Nc4 29. Bxc4 Qxc4 30. Na5 Qb4 31. Nxb7 Qxb7 32. Rxd6 Qxb2 33. Nd1 Qe5
34. Rfd2 Nf8 35. Rxa6 Qxe4 36. Nf2 Qc4 37. Rad6 Rb7 38. Qf3 Rb1+ 39. Rd1 Qxc2
40. Ne4 Be7 41. Rxb1 Qxb1+ 42. Rd1 Qb3 43. Nd2 Qa3 44. Bd4 Qb4 45. Be3 Ng6 46.
Qe4 Qxe4 47. Nxe4 h6 48. Kf2 Kg8 49. g3 Kf7 50. h3 Ne5 51. Bf4 Rc2+ 52. Ke3 Nc6
53. Bd6 Bf6 54. Rb1 Rb2 55. Rxb2 Bxb2 56. h4 Be5 57. g4 Bxd6 58. Nxd6+ Ke7 59.
Nc4 Nd8 60. g5 Nf7 61. Kf4 h5 62. Na5 1/2-1/2

[Event "5MCR_4D_1L_3S"]
[Site "?"]
[Date "2002.??.??"]
[Round "?"]
[White "Hladecek, Miloslav"]
[Black "Nosek, Jaroslav"]
[Result "1/2-1/2"]
[WhiteElo "2215"]
[BlackElo "2285"]
[PlyCount "44"]
[EventDate "2002.??.??"]
[EventType "corr"]
[SourceDate "2004.??.??"]

1. e4 e6 2. d4 d5 3. Nc3 Bb4 4. e5 c5 5. a3 Ba5 6. b4 cxd4 7. Nb5 Bc7 8. f4 Bd7
9. Qg4 g6 10. Nf3 Nh6 11. Qg5 Nf5 12. Qxd8+ Bxd8 13. Nfxd4 Nxd4 14. Nxd4 f6 15.
c4 fxe5 16. fxe5 Nc6 17. Nxc6 Bxc6 18. cxd5 exd5 19. Bh6 d4 20. Kd2 Be7 21. Bc4
Bf8 22. Bg5 Be7 1/2-1/2

[Event "5MCR_4D_1L_3S"]
[Site "?"]
[Date "2002.??.??"]
[Round "?"]
[White "Hladecek, Miloslav"]
[Black "Omelka, Roman"]
[Result "1/2-1/2"]
[WhiteElo "2215"]
[BlackElo "2335"]
[PlyCount "82"]
[EventDate "2002.??.??"]
[EventType "corr"]
[SourceDate "2004.??.??"]

1. e4 e5 2. Nf3 Nc6 3. Bb5 a6 4. Ba4 Nf6 5. O-O Be7 6. Re1 b5 7. Bb3 d6 8. c3
O-O 9. h3 Na5 10. Bc2 c5 11. d4 cxd4 12. cxd4 exd4 13. Nxd4 Re8 14. Nc3 Bd7 15.
Qd3 Nc4 16. f4 Nb6 17. e5 dxe5 18. fxe5 Bc5 19. Re3 Bf5 20. Nxf5 Qxd3 21. Bxd3
Nfd5 22. Kh2 Nxe3 23. Bxe3 Bxe3 24. Nxe3 Rxe5 25. Nc2 Rc8 26. a4 g6 27. axb5
axb5 28. Ra5 Nc4 29. Bxc4 Rxc4 30. Ra3 h5 31. Rb3 h4 32. Nb4 Kg7 33. Kg1 Re1+
34. Kf2 Re5 35. Nbd5 Rd4 36. Rxb5 Rd2+ 37. Kf3 Rf5+ 38. Nf4 Rxb5 39. Nxb5 Rxb2
40. Nd4 f5 41. Nde2 Rb3+ 1/2-1/2

[Event "5MCR_4D_1L_3S"]
[Site "?"]
[Date "2002.??.??"]
[Round "?"]
[White "Hladecek, Miloslav"]
[Black "Postupa, Pavel"]
[Result "0-1"]
[WhiteElo "2215"]
[BlackElo "1920"]
[PlyCount "112"]
[EventDate "2002.??.??"]
[EventType "corr"]
[SourceDate "2004.??.??"]

1. e4 e6 2. d4 d5 3. Nc3 Nf6 4. Bg5 Be7 5. e5 Nfd7 6. Bxe7 Qxe7 7. f4 O-O 8.
Nf3 c5 9. Qd2 Nc6 10. dxc5 Qxc5 11. O-O-O Nb6 12. Kb1 Bd7 13. Bd3 f6 14. exf6
Rxf6 15. Rhe1 a5 16. g3 Rc8 17. Qe2 Nb4 18. Ne5 Nxd3 19. Rxd3 Qc7 20. Qd1 Be8
21. Ng4 Rg6 22. h4 h5 23. Ne5 Rf6 24. Rde3 Nd7 25. Ng4 hxg4 26. Nxd5 exd5 27.
Rxe8+ Rxe8 28. Rxe8+ Kf7 29. Re3 Qc4 30. Rc3 Qe4 31. Rc7 Re6 32. a3 Re7 33.
Qxg4 Nf6 34. Qc8 Qe1+ 35. Ka2 Rxc7 36. Qxc7+ Kg6 37. f5+ Kxf5 38. Qxg7 Qe2 39.
c3 b5 40. Kb1 a4 41. Qg5+ Ke6 42. Ka2 Qf3 43. Ka1 Ne4 44. Qg8+ Ke7 45. Qg7+ Kd6
46. Qh6+ Kc5 47. Ka2 Qf7 48. Ka1 Kc4 49. Qe3 Qf1+ 50. Ka2 Qd1 51. g4 b4 52.
axb4 a3 53. Qd4+ Qxd4 54. cxd4 axb2 55. Kxb2 Kxb4 56. g5 Ng3 0-1

[Event "5MCR_4D_1L_3S"]
[Site "?"]
[Date "2002.??.??"]
[Round "?"]
[White "Hladecek, Miloslav"]
[Black "Rybak, Milan"]
[Result "1-0"]
[WhiteElo "2215"]
[BlackElo "2375"]
[PlyCount "96"]
[EventDate "2002.??.??"]
[EventType "corr"]
[SourceDate "2004.??.??"]

1. e4 e5 2. Nf3 Nc6 3. Bb5 f5 4. Nc3 fxe4 5. Nxe4 Nf6 6. Qe2 d5 7. Nxf6+ gxf6
8. d4 Bg7 9. dxe5 O-O 10. Bxc6 bxc6 11. e6 Re8 12. O-O c5 13. Qb5 Bf8 14. Re1
Bxe6 15. Bf4 Rb8 16. Qa6 Bd6 17. Bxd6 Qxd6 18. Qa4 Re7 19. b3 c6 20. Qh4 Rg7
21. c4 Bf5 22. Nd2 Kh8 23. Nf1 Rbg8 24. Ng3 Bd7 25. Rad1 Rg4 26. Qh6 R4g6 27.
Qe3 R8g7 28. Qd3 d4 29. Re2 Rg8 30. f3 Rh6 31. Qe4 Rxh2 32. Kxh2 Qxg3+ 33. Kg1
Qg5 34. b4 Bf5 35. Qxc6 d3 36. Rf2 cxb4 37. Qb5 Rc8 38. Qxb4 Qf4 39. Qe7 Qd4
40. Kf1 Qh4 41. Kg1 Qd4 42. Rb1 a5 43. c5 Qe5 44. Qxe5 fxe5 45. Rc1 Kg7 46. Rb2
e4 47. Kf2 exf3 48. gxf3 Kf7 1-0

[Event "5MCR_4D_1L_3S"]
[Site "?"]
[Date "2002.??.??"]
[Round "?"]
[White "Hladecek, Miloslav"]
[Black "Sykora, Josef"]
[Result "1/2-1/2"]
[WhiteElo "2215"]
[BlackElo "2355"]
[PlyCount "95"]
[EventDate "2002.??.??"]
[EventType "corr"]
[SourceDate "2004.??.??"]

1. e4 c6 2. d4 d5 3. Nc3 dxe4 4. Nxe4 Nd7 5. Bc4 Ngf6 6. Ng5 e6 7. Qe2 Nb6 8.
Bd3 h6 9. N5f3 c5 10. dxc5 Bxc5 11. Ne5 Nbd7 12. Ngf3 Qc7 13. O-O O-O 14. Bf4
Bd6 15. Rfe1 Nxe5 16. Nxe5 b6 17. Rad1 Bb7 18. Bg3 Rad8 19. Kh1 Ba8 20. f4 Qb7
21. Bh4 Be7 22. c3 Nd5 23. Bxe7 Qxe7 24. Rf1 Qh4 25. Qd2 Nf6 26. Qf2 Qxf2 27.
Rxf2 Ne4 28. Rff1 Nc5 29. Bc2 f6 30. Nc4 Be4 31. Bxe4 Nxe4 32. Kg1 g5 33. fxg5
hxg5 34. g4 Kg7 35. Rde1 f5 36. Re2 b5 37. Ne5 Rd2 38. Rxd2 Nxd2 39. Rd1 Nc4
40. Nxc4 bxc4 41. b4 cxb3 42. axb3 Kf6 43. gxf5 exf5 44. h3 Ke5 45. Kf2 Rh8 46.
Rd3 a5 47. Re3+ Kf6 48. c4 1/2-1/2

[Event "5MCR_4D_1L_3S"]
[Site "?"]
[Date "2002.??.??"]
[Round "?"]
[White "Hladecek, Miloslav"]
[Black "Travnik, Petr"]
[Result "1/2-1/2"]
[WhiteElo "2215"]
[BlackElo "2305"]
[PlyCount "80"]
[EventDate "2002.??.??"]
[EventType "corr"]
[SourceDate "2004.??.??"]

1. e4 d6 2. d4 g6 3. c4 Bg7 4. Nc3 Nf6 5. Nf3 O-O 6. Be2 e5 7. O-O Nbd7 8. Be3
Re8 9. d5 Ng4 10. Bg5 f6 11. Bd2 Nh6 12. Qc2 Nf7 13. Be3 Nf8 14. c5 f5 15. Bb5
Re7 16. c6 b6 17. Bd2 f4 18. a4 a5 19. Be2 g5 20. Qd1 g4 21. Nh4 Nh6 22. Nf5
Nxf5 23. exf5 h5 24. f3 gxf3 25. Bxf3 Bxf5 26. Qe2 h4 27. Bg4 Bg6 28. Bh5 Bf6
29. Bxg6 Nxg6 30. Ne4 Rg7 31. b4 axb4 32. Bxb4 Nf8 33. a5 bxa5 34. Bxa5 Nh7 35.
Kh1 Qe8 36. Bc3 Be7 37. Rxa8 Qxa8 38. Rb1 Ng5 39. Nxg5 Rxg5 40. h3 Qc8 1/2-1/2

[Event "5MCR_4D_1L_3S"]
[Site "?"]
[Date "2002.??.??"]
[Round "?"]
[White "Krouzel, Jaroslav"]
[Black "Grulich, Jiri"]
[Result "1-0"]
[WhiteElo "2360"]
[BlackElo "2165"]
[PlyCount "79"]
[EventDate "2002.??.??"]
[EventType "corr"]
[SourceDate "2004.??.??"]

1. d4 d5 2. c4 c6 3. Nf3 Nf6 4. Nc3 e6 5. e3 Nbd7 6. Qc2 Bd6 7. Bd3 O-O 8. O-O
dxc4 9. Bxc4 b5 10. Be2 Bb7 11. Rd1 Qc7 12. e4 e5 13. dxe5 Nxe5 14. Nd4 Bc5 15.
h3 Qb6 16. Be3 Rad8 17. Nf5 Bxe3 18. Nxe3 Rfe8 19. Nf5 a5 20. Rac1 h6 21. a3 a4
22. Rd6 Rxd6 23. Nxd6 Rd8 24. Rd1 Rd7 25. Rd2 Qc7 26. Qd1 Re7 27. f4 Ng6 28. e5
Ne8 29. Nf5 Re6 30. Rd7 Qb6+ 31. Kh2 Ba6 32. Bh5 Bc8 33. Bxg6 fxg6 34. Ne7+
Rxe7 35. Rxe7 Kf8 36. Rxe8+ Kxe8 37. Qd6 Kf7 38. Ne4 Bf5 39. Nc5 Ke8 40. g4 1-0

[Event "5MCR_4D_1L_3S"]
[Site "?"]
[Date "2002.??.??"]
[Round "?"]
[White "Krouzel, Jaroslav"]
[Black "Hladecek, Miloslav"]
[Result "1/2-1/2"]
[WhiteElo "2360"]
[BlackElo "2215"]
[PlyCount "130"]
[EventDate "2002.??.??"]
[EventType "corr"]
[SourceDate "2004.??.??"]

1. d4 Nf6 2. c4 e6 3. Nc3 Bb4 4. Qc2 O-O 5. a3 Bxc3+ 6. Qxc3 b6 7. Bg5 Bb7 8.
e3 d6 9. Nf3 Nbd7 10. Nd2 Rc8 11. f3 c5 12. Be2 Re8 13. O-O Nd5 14. cxd5 Qxg5
15. Bb5 Re7 16. dxe6 fxe6 17. Qd3 Nf6 18. Rac1 Rec7 19. Bc4 d5 20. Ba2 Qh5 21.
f4 Qe8 22. Bb1 Qa4 23. Qc2 Qxc2 24. Rxc2 Ba6 25. Rfc1 Bd3 26. Rc3 Bxb1 27. Nxb1
Ne4 28. R3c2 Kf7 29. g4 h6 30. Kg2 g5 31. Kf3 Kg6 32. dxc5 Rxc5 33. Rxc5 bxc5
34. Nc3 Nd2+ 35. Ke2 Nb3 36. Rf1 gxf4 37. exf4 Kf7 38. f5 Rb8 39. Kd1 Nd4 40.
Rf2 c4 41. fxe6+ Kxe6 42. Ne2 Ke5 43. Nxd4 Kxd4 44. h4 Ke3 45. Re2+ Kf3 46. g5
hxg5 47. hxg5 Rg8 48. Re5 d4 49. Kd2 Rb8 50. Kc1 Kf4 51. Re7 Rg8 52. Rxa7 Rxg5
53. Re7 Kf3 54. Rh7 Ke3 55. Kc2 Rg2+ 56. Kc1 Ke2 57. Rh1 d3 58. a4 Rg5 59. Rh2+
Ke3 60. Rh3+ Kd4 61. Rh8 Rg1+ 62. Kd2 Rg2+ 63. Kc1 Rc2+ 64. Kb1 Ke3 65. Rh3+
Kd4 1/2-1/2

[Event "5MCR_4D_1L_3S"]
[Site "?"]
[Date "2002.??.??"]
[Round "?"]
[White "Krouzel, Jaroslav"]
[Black "Nosek, Jaroslav"]
[Result "0-1"]
[WhiteElo "2360"]
[BlackElo "2285"]
[PlyCount "64"]
[EventDate "2002.??.??"]
[EventType "corr"]
[SourceDate "2004.??.??"]

1. d4 Nf6 2. c4 e6 3. Nc3 Bb4 4. e3 O-O 5. Nge2 Re8 6. a3 Bf8 7. d5 d6 8. g3
exd5 9. cxd5 c5 10. dxc6 bxc6 11. Bg2 d5 12. O-O Nbd7 13. Nd4 Bb7 14. Re1 c5
15. Nde2 Rb8 16. b3 Ne5 17. Bb2 Qd7 18. b4 Nc4 19. Bc1 d4 20. Bxb7 Rxb7 21.
exd4 cxd4 22. Nb1 d3 23. Nec3 Rxe1+ 24. Qxe1 Rb8 25. Be3 Re8 26. Nd2 Nxe3 27.
fxe3 Ng4 28. Nf1 g6 29. Qd2 Rc8 30. Rc1 Ne5 31. Kg2 Qb7+ 32. e4 Bh6 0-1

[Event "5MCR_4D_1L_3S"]
[Site "?"]
[Date "2002.??.??"]
[Round "?"]
[White "Krouzel, Jaroslav"]
[Black "Omelka, Roman"]
[Result "0-1"]
[WhiteElo "2360"]
[BlackElo "2335"]
[PlyCount "50"]
[EventDate "2002.??.??"]
[EventType "corr"]
[SourceDate "2004.??.??"]

1. d4 Nf6 2. c4 g6 3. Nc3 Bg7 4. e4 d6 5. Be2 O-O 6. Bg5 c5 7. d5 h6 8. Be3 e6
9. h3 exd5 10. exd5 Re8 11. Qd2 Kh7 12. Nf3 Bf5 13. O-O Ne4 14. Nxe4 Bxe4 15.
Ne1 Nd7 16. Rc1 b5 17. cxb5 Nb6 18. Bc4 a6 19. bxa6 Nxc4 20. Rxc4 Rxa6 21. f3
Bf5 22. b3 Qa8 23. Rf2 Re5 24. Rh4 Bf6 25. Rc4 Rxd5 0-1

[Event "5MCR_4D_1L_3S"]
[Site "?"]
[Date "2002.??.??"]
[Round "?"]
[White "Krouzel, Jaroslav"]
[Black "Polak, Petr"]
[Result "1/2-1/2"]
[WhiteElo "2360"]
[BlackElo "2050"]
[PlyCount "58"]
[EventDate "2002.??.??"]
[EventType "corr"]
[SourceDate "2004.??.??"]

1. d4 Nf6 2. c4 e6 3. Nc3 Bb4 4. Qc2 O-O 5. a3 Bxc3+ 6. Qxc3 b6 7. Bg5 Bb7 8.
e3 d6 9. Nf3 Nbd7 10. Nd2 c5 11. f3 cxd4 12. Qxd4 h6 13. Bh4 Qc7 14. Be2 e5 15.
Qd3 Rfe8 16. O-O e4 17. Qd4 exf3 18. Bxf3 Bxf3 19. Rxf3 Qc5 20. b4 Qxd4 21.
exd4 Re2 22. Rd3 Rae8 23. Bg3 R8e6 24. Kf1 Nh5 25. c5 Nxg3+ 26. hxg3 Nf6 27. c6
Nd5 28. b5 Nc7 29. a4 d5 1/2-1/2

[Event "5MCR_4D_1L_3S"]
[Site "?"]
[Date "2002.??.??"]
[Round "?"]
[White "Krouzel, Jaroslav"]
[Black "Sykora, Josef"]
[Result "1/2-1/2"]
[WhiteElo "2360"]
[BlackElo "2355"]
[PlyCount "53"]
[EventDate "2002.??.??"]
[EventType "corr"]
[SourceDate "2004.??.??"]

1. d4 Nf6 2. c4 e6 3. Nc3 d5 4. Nf3 c6 5. e3 Nbd7 6. Qc2 Bd6 7. Bd3 O-O 8. O-O
dxc4 9. Bxc4 a6 10. Rd1 b5 11. Be2 Qc7 12. Ne4 Nxe4 13. Qxe4 e5 14. Qh4 Re8 15.
Bd3 h6 16. Bc2 exd4 17. exd4 Be7 18. Bf4 Bxh4 19. Bxc7 Be7 20. Be4 Bb7 21. Rac1
Rac8 22. Ba5 g6 23. Ne5 Nxe5 24. dxe5 Bg5 25. Rc5 Be7 26. Rc2 Bg5 27. Rc5
1/2-1/2

[Event "5MCR_4D_1L_3S"]
[Site "?"]
[Date "2002.??.??"]
[Round "?"]
[White "Krouzel, Jaroslav"]
[Black "Travnik, Petr"]
[Result "1-0"]
[WhiteElo "2360"]
[BlackElo "2305"]
[PlyCount "69"]
[EventDate "2002.??.??"]
[EventType "corr"]
[SourceDate "2004.??.??"]

1. d4 Nf6 2. c4 g6 3. Nc3 Bg7 4. e4 d6 5. Be2 O-O 6. Bg5 Na6 7. f4 c6 8. Nf3
Nc7 9. Bh4 b5 10. e5 Nh5 11. Qd2 bxc4 12. Bxc4 Be6 13. Bxe6 Nxe6 14. g3 c5 15.
O-O dxe5 16. dxe5 Qxd2 17. Nxd2 g5 18. Bxg5 Nxg5 19. fxg5 Bxe5 20. Nf3 Bh8 21.
Rae1 Rfe8 22. Ne5 Rab8 23. Nxf7 Bd4+ 24. Kh1 e5 25. Nh6+ Kg7 26. Nd5 Bxb2 27.
Rf7+ Kg6 28. h4 Nxg3+ 29. Kg2 Nh5 30. Ne7+ Rxe7 31. Rxe7 Nf4+ 32. Kf3 Nd3 33.
Re6+ Kg7 34. Re2 Rf8+ 35. Ke4 1-0

[Event "5MCR_4D_1L_3S"]
[Site "?"]
[Date "2002.??.??"]
[Round "?"]
[White "Lasek, Milos"]
[Black "Krouzel, Jaroslav"]
[Result "1/2-1/2"]
[WhiteElo "2270"]
[BlackElo "2360"]
[PlyCount "67"]
[EventDate "2002.??.??"]
[EventType "corr"]
[SourceDate "2004.??.??"]

1. e4 e6 2. d4 d5 3. Nd2 Nc6 4. Ngf3 Nf6 5. e5 Nd7 6. Be2 f6 7. exf6 Qxf6 8.
Nf1 Bd6 9. Ne3 b6 10. Ng4 Qg6 11. Nh4 Qf7 12. f4 O-O 13. Be3 Bxf4 14. Rf1 Qe7
15. Bxf4 Qxh4+ 16. g3 Qe7 17. Qd2 Bb7 18. O-O-O Rac8 19. Bg5 Qe8 20. Rde1 Nd8
21. h4 Rxf1 22. Bxf1 Nf7 23. Bh3 Nf8 24. h5 c5 25. h6 Nxg5 26. Qxg5 Qg6 27. Qd2
cxd4 28. hxg7 Kxg7 29. Qxd4+ Kg8 30. Qd2 Kh8 31. Ne5 Qxg3 32. Nf7+ Kg7 33. Rf1
Ba6 34. Qh6+ 1/2-1/2

[Event "5MCR_4D_1L_3S"]
[Site "?"]
[Date "2002.??.??"]
[Round "?"]
[White "Lasek, Milos"]
[Black "Leiner, Raimund"]
[Result "1/2-1/2"]
[WhiteElo "2270"]
[BlackElo "2290"]
[PlyCount "47"]
[EventDate "2002.??.??"]
[EventType "corr"]
[SourceDate "2004.??.??"]

1. d4 Nf6 2. c4 e6 3. Nf3 d5 4. Nc3 c6 5. e3 Nbd7 6. Bd3 dxc4 7. Bxc4 b5 8. Bd3
a6 9. e4 c5 10. d5 Qc7 11. O-O Bb7 12. dxe6 fxe6 13. Bc2 c4 14. Nd4 Nc5 15. Be3
e5 16. Nf3 Be7 17. Ng5 Qd7 18. Qxd7+ Nfxd7 19. Rad1 h6 20. Nf3 Rc8 21. Rd2 O-O
22. Nd5 Rf7 23. Rfd1 Bf8 24. h3 1/2-1/2

[Event "5MCR_4D_1L_3S"]
[Site "?"]
[Date "2002.??.??"]
[Round "?"]
[White "Lasek, Milos"]
[Black "Polak, Petr"]
[Result "1/2-1/2"]
[WhiteElo "2270"]
[BlackElo "2050"]
[PlyCount "64"]
[EventDate "2002.??.??"]
[EventType "corr"]
[SourceDate "2004.??.??"]

1. e4 c5 2. Nf3 d6 3. d4 cxd4 4. Nxd4 e5 5. Bb5+ Nd7 6. Nf5 a6 7. Bxd7+ Qxd7 8.
Nc3 Qc6 9. Ne3 Nf6 10. Qd3 Be6 11. O-O Rc8 12. a4 Be7 13. a5 Qc5 14. Rd1 O-O
15. Bd2 Bd8 16. Ra4 Kh8 17. Ncd5 Qb5 18. Qa3 Bxd5 19. exd5 Kg8 20. Ra1 Ne8 21.
Rb4 Qe2 22. Bc3 f5 23. Re1 Qh5 24. Rxb7 f4 25. Nf1 f3 26. Ng3 Qg4 27. Re4 Qg5
28. Qa4 Rxc3 29. bxc3 Qc1+ 30. Nf1 fxg2 31. Kxg2 Qd1 32. Re3 Bg5 1/2-1/2

[Event "5MCR_4D_1L_3S"]
[Site "?"]
[Date "2002.??.??"]
[Round "?"]
[White "Lasek, Milos"]
[Black "Rybak, Milan"]
[Result "1/2-1/2"]
[WhiteElo "2270"]
[BlackElo "2375"]
[PlyCount "49"]
[EventDate "2002.??.??"]
[EventType "corr"]
[SourceDate "2004.??.??"]

1. e4 e5 2. Nf3 Nc6 3. Bb5 f5 4. Nc3 fxe4 5. Nxe4 Nf6 6. Nxf6+ Qxf6 7. Qe2 Be7
8. Bxc6 dxc6 9. Nxe5 O-O 10. O-O Bf5 11. d4 Rae8 12. f4 Bd6 13. Be3 Bxe5 14.
dxe5 Qg6 15. Rf2 Rd8 16. Rd1 h5 17. Rd4 b6 18. b4 Rxd4 19. Bxd4 h4 20. c3 h3
21. Qf3 Be6 22. a4 Qb1+ 23. Rf1 Qa2 24. Qg3 Qxa4 25. Qg6 1/2-1/2